Business research through argument / (Record no. 1848)

000 -LEADER
fixed length control field 01071cam a2200289 a 4500
001 - CONTROL NUMBER
control field 3034120
003 - CONTROL NUMBER IDENTIFIER
control field OSt
005 - DATE AND TIME OF LATEST TRANSACTION
control field 20150608102644.0
008 - FIXED-LENGTH DATA ELEMENTS--GENERAL INFORMATION
fixed length control field 950613s1996 mau b 001 0 eng
010 ## - LIBRARY OF CONGRESS CONTROL NUMBER
LC control number 95031417
020 ## - INTERNATIONAL STANDARD BOOK NUMBER
International Standard Book Number 0792396162 (acidfree paper)
040 ## - CATALOGING SOURCE
Original cataloging agency DLC
Transcribing agency DLC
Modifying agency DLC
050 00 - LIBRARY OF CONGRESS CALL NUMBER
Classification number HD30.4.M477 1996
082 00 - DEWEY DECIMAL CLASSIFICATION NUMBER
Classification number 650/.072
Edition number 20
100 1# - MAIN ENTRY--PERSONAL NAME
Personal name Metcalfe, Mike.
245 10 - TITLE STATEMENT
Title Business research through argument /
Statement of responsibility, etc Mike Metcalfe.
260 ## - PUBLICATION, DISTRIBUTION, ETC. (IMPRINT)
Place of publication, distribution, etc Boston :
Name of publisher, distributor, etc Kluwer Academic Publishers,
Date of publication, distribution, etc c1996.
300 ## - PHYSICAL DESCRIPTION
Extent xv, 151 p. ;
Dimensions 25 cm.
504 ## - BIBLIOGRAPHY, ETC. NOTE
Bibliography, etc Includes bibliographical references (p. [145]-151) and index.
650 #0 - SUBJECT ADDED ENTRY--TOPICAL TERM
Topical term or geographic name as entry element Business
General subdivision Research
-- Methodology.
650 #0 - SUBJECT ADDED ENTRY--TOPICAL TERM
Topical term or geographic name as entry element Reasoning.
856 42 - ELECTRONIC LOCATION AND ACCESS
Materials specified Publisher description
Uniform Resource Identifier <a href="http://www.loc.gov/catdir/enhancements/fy0826/95031417-d.html">http://www.loc.gov/catdir/enhancements/fy0826/95031417-d.html</a>
856 41 - ELECTRONIC LOCATION AND ACCESS
Materials specified Table of contents only
Uniform Resource Identifier <a href="http://www.loc.gov/catdir/enhancements/fy0826/95031417-t.html">http://www.loc.gov/catdir/enhancements/fy0826/95031417-t.html</a>
906 ## - LOCAL DATA ELEMENT F, LDF (RLIN)
a 7
b cbc
c orignew
d 1
e ocip
f 19
g y-gencatlg
942 ## - ADDED ENTRY ELEMENTS (KOHA)
Source of classification or shelving scheme
Koha item type Book
Holdings
Withdrawn status Lost status Source of classification or shelving scheme Damaged status Not for loan Home library Current library Shelving location Date acquired Total Checkouts Full call number Barcode Date last seen Date checked out Copy number Price effective from Koha item type
          Riara University Library Riara University Library General stack 08/06/2015 1 HD30.4.M477 1996 6348/15 19/02/2019 19/02/2019 C.1 08/06/2015 Book

Riara University Library,
P.O. Box 49940-00100,
Nairobi, Kenya.